MARC

LEADER 00000nam0a2200000 4500
001 27334
005 20231030202132.0
010 |a 575020104 
035 |a (RuTPU)RU\TPU\book\27583 
035 |a BOOK00027658 
090 |a 27334 
100 |a 20011209d1999 k y0rusy50 ca 
101 1 |a rus  |c eng 
102 |a RU 
105 |a a z 000zy 
200 1 |a Электронная коммерция  |e пер. с англ.  |f Д. Козье 
210 |a Москва  |c Русская Редакция  |d 1999 
215 |a 288 с.  |c ил. 
225 1 |a Стратегические технологии 
610 1 |a торговля 
610 1 |a коммерция 
610 1 |a электронная коммерция 
610 1 |a Интернет 
610 1 |a деньги 
610 1 |a движение 
610 1 |a информация 
610 1 |a защита 
610 1 |a электронный рынок 
610 1 |a дистрибьюторы 
610 1 |a электронные каталоги 
610 1 |a потребители 
610 1 |a виртуальные предприятия 
686 |a У884.3  |v LBC/SL-A  |2 rubbk 
686 |a У9(2)42  |v LBC/SL-A  |2 rubbk 
700 1 |a Козье  |b Д.  |g Дэвид 
801 0 |a RU  |b 63413507  |c 20011209  |g PSBO 
801 2 |a RU  |b 63413507  |c 20120720  |g PSBO 
900 |a Информационные технологии в электронной коммерции 
942 |c BK